Name all the words of the text of the Lord's Prayer - Statistics

General Stats
  • This quiz has been taken 25 times
  • The average score is 61 of 70
Answer Stats
Answer % Correct
come
100%
Father
100%
heaven
100%
heaven
100%
in
100%
in
100%
name
100%
Our
100%
our
100%
our
100%
And
95%
And
95%
and
95%
and
95%
art
95%
as
95%
as
95%
be
95%
be
95%
bread
95%
daily
95%
earth
95%
For
95%
for
95%
Give
95%
is
95%
is
95%
it
95%
kingdom
95%
kingdom
95%
on
95%
thy
95%
thy
95%
thy
95%
us
95%
us
95%
us
95%
us
95%
us
95%
who
95%
who
95%
will
95%
done
91%
forgive
91%
forgive
91%
hallowed
91%
this
91%
those
91%
we
91%
day
86%
trespass
86%
against
82%
the
82%
the
82%
the
82%
trespasses
82%
Amen
73%
from
73%
temptation
68%
but
64%
deliver
64%
glory
64%
into
64%
lead
64%
not
64%
power
64%
ever
59%
ever
59%
thine
55%
evel
5%
No matching quizzes found
Score Distribution
Percent of People with Each Score
Percentile by Number Answered
Your Score History
You have not taken this quiz